| 000 | 00753nam a2200253 a 4500 | ||
|---|---|---|---|
| 001 | adlib96000001 | ||
| 003 | ViArRB | ||
| 005 | 200902210153555.7 | ||
| 008 | 960221s1955 dcuabcdjdbkoqu001 0deng d | ||
| 020 | _a | ||
| 022 | _a | ||
| 040 | _aAdlib | ||
| 082 | _a5(058) | ||
| 245 | _aScience Year: The world book science annual. | ||
| 250 | _a | ||
| 260 |
_aChicago _b _c |
||
| 300 |
_a _c |
||
| 500 | _a Lib has.vols :- 1974, 1975, 1976, 1977. 1.science-yearbooks | ||
| 100 |
_aenterprises, Field _e |
||
| 700 |
_a _a |
||
| 942 | _cBK | ||
| 653 |
_aScience _aChemistry _ascience periodicals _aPeriodicals _aJournals _amagazines |
||
| 952 |
_w2010-06-16 _pG0001745 _r2010-06-16 _40 _00 _bUL _10 _oR 5(058) SCI'75 _d2010-06-16 _70 _yBK _aUL |
||
| 999 |
_c11623 _d11622 |
||